| 000 | 00000nam##2200000za#4500 |
| 001 | 9.574900 |
| 003 | CaOODSP |
| 005 | 20210624184416 |
| 007 | cr ||||||||||| |
| 008 | 150406|2005||||xxc|||||o f|0| 0 eng|d |
| 022 | |a1707-4495 |
| 040 | |aCaOODSP|beng |
| 043 | |an-cn--- |
| 086 | 1 |aFs76-2/2004-006E-PDF |
| 110 | 1 |aCanada. |bDepartment of Fisheries and Oceans. |
| 245 | 10|aIdentification of ecologically and biologically significant areas |h[electronic resource] |
| 260 | |aOttawa - Ontario : |bFisheries and Oceans Canada |cMarch 2005. |
| 300 | |a15p.|bfig., tables |
| 490 | 1 |aEcosystem status report |x1707-4495|v2004/006, National Capital region |
| 590 | |a12-36-Supp|b2012-08-22 |
| 775 | 08|tIdentification des zones d'importance écologique et biologique |w(CaOODSP)9.604614 |
| 830 | #0|aEcosystem status report,|x1707-4495|v2004/006, National Capital region|w(CaOODSP)9.506227 |
| 856 | 40|ahttp://publications.gc.ca|qPDF|s232 KB|uhttps://publications.gc.ca/collections/collection_2012/mpo-dfo/Fs76-2-2004-006-eng.pdf|y2004/006, National Capital region |